His way : (Record no. 1346)

MARC details
000 -LEADER
fixed length control field 00809pam a2200253 a 4500
005 - DATE AND TIME OF LATEST TRANSACTION
control field 20260322212056.0
008 - FIXED-LENGTH DATA ELEMENTS--GENERAL INFORMATION
fixed length control field data
010 ## - LIBRARY OF CONGRESS CONTROL NUMBER
LC control number 85048264
020 ## - INTERNATIONAL STANDARD BOOK NUMBER
International Standard Book Number 0553051377
020 ## - INTERNATIONAL STANDARD BOOK NUMBER
International Standard Book Number 9780553051377
040 ## - CATALOGING SOURCE
Original cataloging agency DLC
Transcribing agency DLC
Modifying agency DLC
050 00 - LIBRARY OF CONGRESS CALL NUMBER
Classification number ML420.S565
Item number K4 1986
082 00 - DEWEY DECIMAL CLASSIFICATION NUMBER
Classification number B
-- B
Edition information 19
001 - CONTROL NUMBER
control field data
100 1# - MAIN ENTRY--PERSONAL NAME
Personal name Kelley, Kitty.
245 10 - TITLE STATEMENT
Title His way :
Remainder of title the unauthorized biography of Frank Sinatra /
Statement of responsibility, etc. Kitty Kelley.
260 ## - PUBLICATION, DISTRIBUTION, ETC.
Place of publication, distribution, etc. New York :
-- New York :
Name of publisher, distributor, etc. Bantam Books,
Date of publication, distribution, etc. c1986.
300 ## - PHYSICAL DESCRIPTION
Extent xvi, 575 p. [32] p. of plates :
Other physical details ill. ;
Dimensions 26 cm.
500 ## - GENERAL NOTE
General note Includes index.
504 ## - BIBLIOGRAPHY, ETC. NOTE
Bibliography, etc. note Bibliography: p. 541-545.
600 10 - SUBJECT ADDED ENTRY--PERSONAL NAME
Personal name Sinatra, Frank,
Dates associated with a name 1915-1998.
650 #0 - SUBJECT ADDED ENTRY--TOPICAL TERM
Topical term or geographic name entry element Singers
Geographic subdivision United States
Form subdivision Biography.
856 42 - ELECTRONIC LOCATION AND ACCESS
Materials specified Publisher description
Uniform Resource Identifier <a href="http://www.loc.gov/catdir/description/random0410/85048264.html">http://www.loc.gov/catdir/description/random0410/85048264.html</a>
Holdings
Withdrawn status Lost status Damaged status Not for loan Home library Current library Shelving location Date acquired Total checkouts Full call number Barcode Date last seen Price effective from Koha item type
        Franklin Franklin General stacks 22/03/2026   784.5/0092/4 B 19 BC0011390 22/03/2026 22/03/2026 Books